000 00501nam a2200217Ia 4500
003 OSt
005 20240119145400.0
008 210210b2012 xxu||||| |||| 00| 0 eng d
020 _a9788131724170
040 _cAL
041 _aeng
082 _a006.76 SEBP
100 _aSEBESTA (Robert W)
_9148385
245 _aProgramming the world wide web
250 _a4
260 _aND
_bPearson
_c2012
300 _a752
690 _aComputer Science
_9148386
906 _a067544
942 _2ddc
_cBK
999 _c150595
_d150595